| 000 | 01044cam a2200337 i 4500 | ||
|---|---|---|---|
| 001 | 3682831 | ||
| 003 | OSt | ||
| 005 | 20230620120638.0 | ||
| 008 | 781019s1979 nyua b 001 0 eng | ||
| 010 | _a 78019470 | ||
| 020 | _a0030232066 | ||
| 020 | _a0030523362 (pbk.) | ||
| 040 |
_aDLC _cDLC _dDLC |
||
| 043 |
_af-ke--- _af-tz--- |
||
| 082 | 0 | 0 |
_a320.96 _bBAR |
| 245 | 0 | 0 |
_aPolitics and public policy in Kenya and Tanzania / _cedited by Joel D. Barkan, with John J. Okumu. |
| 260 |
_aNew York : _bPraeger, _c1979. |
||
| 300 |
_axiii, 297 p. : _bill. ; _c24 cm. |
||
| 500 | _aIncludes index. | ||
| 504 | _aBibliography: p. 267-289. | ||
| 650 | 0 |
_aRural development _zKenya. |
|
| 650 | 0 |
_aRural development _zTanzania. |
|
| 651 | 0 |
_aKenya _xPolitics and government. |
|
| 651 | 0 |
_aTanzania _xPolitics and government _y1964- |
|
| 651 | 0 |
_aKenya _xSocial policy. |
|
| 651 | 0 |
_aTanzania _xSocial policy. |
|
| 700 | 1 | _aBarkan, Joel D. | |
| 700 | 1 | _aOkumu, John. | |
| 906 |
_a7 _bcbc _corignew _d1 _eocip _f19 _gy-gencatlg |
||
| 942 |
_2ddc _cBK |
||
| 999 |
_c1691 _d1691 |
||